00322nam a22001457a 4500020001500000082001200015100002600027245002500053250000900078260004000087300000800127650001700135942000700152999001700159 a8171013414 a201 USM aUSMANI, Muhammad Taqi aWhat is Christianity a2003 aDelhibIdara Ishaat-e-Diniyatc2003 a126 aChristianity cBK c19904d19904